|
|
|
|
| LEADER |
00607cam a2200169 7i4500 |
| 001 |
0000009700 |
| 005 |
20061123090000.0 |
| 020 |
0 |
0 |
|a 9679600807 (pbk)
|
| 035 |
0 |
0 |
|a 0240-68860
|
| 090 |
0 |
0 |
|a HQ 525
|b I8 I6
|
| 245 |
0 |
0 |
|a Institusi keluarga Islam di Malaysia :
|b fungsi dan kesejahteraan
|c Rozumah Baharudin ... [et al.]..
|
| 260 |
0 |
0 |
|a Serdang:
|b Penerbit UPM.,
|c 1999.
|
| 300 |
# |
# |
|a 109p.:
|b ill.;
|c 26cm..
|
| 650 |
0 |
0 |
|a Marriage --
|x Religious aspects --
|x Islam --
|z Malaysia
|
| 650 |
0 |
0 |
|a Family --
|x Religious life --
|z Malaysia
|
| 700 |
0 |
1 |
|a Rozumah Baharudin
|
| 999 |
|
|
|a 1000399898
|b Book
|c Open Shelf
|e KOLEKSI TERBUKA
|